Online Catalogue and eLibrary

Political ideologies : (Record no. 477)

MARC details
000 -LEADER
fixed length control field 00636pam a2200217 a 4500
001 - CONTROL NUMBER
control field 3014707
005 - DATE AND TIME OF LATEST TRANSACTION
control field 20240222054323.0
008 - FIXED-LENGTH DATA ELEMENTS--GENERAL INFORMATION
fixed length control field 940602s1994 enk b 001 0 eng
020 ## - INTERNATIONAL STANDARD BOOK NUMBER
ISBN 041509982X
040 ## - CATALOGING SOURCE (பட்டியலாக்க மூலம்)
Original cataloging agency DLC
Transcribing agency DLC
Modifying agency DLC
082 00 - DDC Classification
Class No. 320.5
DDC Edition Number 20
Item Number - Author Mark POL.
245 00 - TITLE STATEMENT
Title Political ideologies :
Remainder of title an introduction /
Statement of responsibility, etc. Robert Eccleshall ... [et al.].
250 ## - EDITION STATEMENT
Edition statement 2nd ed.
260 ## - PUBLICATION, DISTRIBUTION, ETC.
Place of publication, distribution, etc. London :
-- New York :
Name of publisher, distributor, etc. Routledge,
Date of publication, distribution, etc. 1994.
300 ## - PHYSICAL DESCRIPTION
Extent (e.g. Volumes, Pages etc.) 301 p. ;
650 #0 - SUBJECT ADDED ENTRY--TOPICAL TERM
Topical term or geographic name entry element Political science.
650 #0 - SUBJECT ADDED ENTRY--TOPICAL TERM
Topical term or geographic name entry element Ideology.
700 1# - ADDED ENTRY--PERSONAL NAME
Personal name Eccleshall, Robert.
Relator term (Role) Editor
856 42 - ELECTRONIC LOCATION AND ACCESS
Uniform Resource Identifier <a href="http://www.loc.gov/catdir/enhancements/fy0648/94021697-d.html">http://www.loc.gov/catdir/enhancements/fy0648/94021697-d.html</a>
942 ## - Koha item type (Biblio)
Koha item type Books in Stacks (Lending)
Holdings
Lost status Damaged status Collection code Home library Current library Date acquired Full call number Accession Number Item type
    Lending WERC Library WERC Library 02/22/2024 320.5 POL. 3971 Books in Stacks (Lending)

© WERC Library